MARC

LEADER 00000nam0a2200000 4500
001 250109
005 20231101232531.0
035 |a (RuTPU)RU\TPU\book\272272 
090 |a 250109 
100 |a 20140211d1988 k y0rusy50 ca 
101 0 |a rus 
102 |a EE 
105 |a a z 001zy 
200 1 |a Методы и средства аналоговой и цифровой обработки информаций  |e [сборник научных трудов]  |f Академия наук Эстонской ССР (АН ЭССР), Институт кибернетики, Специальное конструкторское бюро вычислительной техники ; отв. ред. Л. И. Волгин 
210 |a Таллин  |c Изд-во АН ЭССР  |d 1988 
215 |a 198 с.  |c ил. 
320 |a Библиогр. в конце ст. 
606 1 |a Информация  |x Обработка  |x Автоматизация  |2 stltpush  |3 (RuTPU)RU\TPU\subj\12978  |9 39669 
610 1 |a научные статьи 
610 1 |a информация 
610 1 |a аналоговая обработка 
610 1 |a цифровая обработка 
610 1 |a полиномиальная регрессия 
610 1 |a преобразования Фурье 
610 1 |a цифро-аналоговые преобразователи 
675 |a 681.3.01  |v 3 
702 1 |a Волгин  |b Л. И.  |4 340 
712 0 2 |a Академия наук Эстонской ССР (АН ЭССР)  |b Институт кибернетики  |b Специальное конструкторское бюро вычислительной техники  |c (Таллин)  |2 stltpush  |3 (RuTPU)RU\TPU\col\19318 
801 1 |a RU  |b 63413507  |c 20140211 
801 2 |a RU  |b 63413507  |c 20140213  |g RCR 
942 |c BK